[Event "Irish Championship 2008"]
[Site "Dublin IRL"]
[Date "2008.07.12"]
[Round "8"]
[White "Jessel, Stephen"]
[Black "Healy, John"]
[Result "1-0"]
[WhiteTitle "FM"]
[WhiteElo "2294"]
[BlackElo "1864"]
[WhiteICU "2239"]
[BlackICU "1777"]
[WhiteClub "Phibsboro"]
[BlackClub "St. Benildus"]
[WhiteNationality "IRL"]
[BlackNationality "IRL"]
[WhiteFideId "628859"]
[BlackFideId "2500965"]
[WhiteICUId "4790"]
[BlackICUId "4563"]
[PlyCount "87"]
[EventDate "2008.07.05"]
[Source "ICU web site; TWIC 714"]

{ Source: Mark Orr, <a href="https://www.icu.ie/articles/188">Irish Chess
Championships 2008</a>, ICU web site; TWIC 714. } { Event information: <a
href="https://www.irlchess.com/irlch2008_allfiles/pairings_irlch2008.html">Tournament
report</a>. }

1. e4 c5 2. Nf3 d6 3. d4 cxd4 4. Nxd4 Nf6 5. Nc3 a6 6. Be2 e5 7. Nb3 b5 8.
a4 b4 9. Nd5 Bb7 10. Nxf6+ gxf6 11. Bf3 Nd7 12. a5 Nc5 13. Nxc5 dxc5 14.
O-O Qxd1 15. Rxd1 f5 16. exf5 Bxf3 17. gxf3 f6 18. Be3 Rd8 19. Kf1 Be7 20.
Ke2 Kf7 21. b3 Rhg8 22. Rd3 Rc8 23. Rd7 c4 24. Ra7 cxb3 25. cxb3 Rc2+ 26.
Kd3 Rc3+ 27. Ke4 Rxb3 28. Bc5 Re8 29. Ra4 Kf8 30. Rxe7 Rxe7 31. Rxb4 Rc3
32. Bxe7+ Kxe7 33. Rb6 Ra3 34. Re6+ Kf7 35. Rxa6 Ra2 36. Ra7+ Kf8 37. Kd5
Rxf2 38. Ke6 Rxh2 39. Kxf6 Rh6+ 40. Kxe5 Rc6 41. f4 h5 42. f6 Rc5+ 43. Ke6
Rc6+ 44. Kf5 1-0

[Event "Irish Championship 2008"]
[Site "Dublin IRL"]
[Date "2008.07.12"]
[Round "8"]
[White "Griffiths, Ryan-Rhys"]
[Black "Loughran, John"]
[Result "1-0"]
[WhiteElo "2069"]
[BlackElo "1805"]
[WhiteICU "2100"]
[BlackICU "1654"]
[WhiteClub "Kilkenny"]
[BlackClub "Elm Mount"]
[WhiteNationality "IRL"]
[BlackNationality "IRL"]
[WhiteFideId "2502054"]
[BlackFideId "2501562"]
[WhiteICUId "6897"]
[BlackICUId "795"]
[PlyCount "76"]
[EventDate "2008.07.05"]
[Source "ICU web site; TWIC 714"]

{ Source: Mark Orr, <a href="https://www.icu.ie/articles/188">Irish Chess
Championships 2008</a>, ICU web site; TWIC 714. } { Event information: <a
href="https://www.irlchess.com/irlch2008_allfiles/pairings_irlch2008.html">Tournament
report</a>. }

1. e4 e5 2. Nf3 Nc6 3. d4 exd4 4. Nxd4 Bc5 5. Nxc6 Qf6 6. Qd2 Qxc6 7. Nc3
Nf6 8. Bd3 O-O 9. O-O d6 10. Qf4 Bd4 11. Bd2 a6 12. Qh4 Qc5 13. Ne2 Bxb2
14. Rab1 Qa3 15. f4 Re8 16. e5 Ng4 17. Qxh7+ Kf8 18. Rxb2 Qc5+ 19. Kh1 Nf2+
20. Rxf2 Qxf2 21. Qh8+ Ke7 22. Qxg7 Be6 23. exd6+ Kd7 24. Qg3 Qc5 25. Rxb7
Qxd6 26. f5 Qxg3 27. fxe6+ fxe6 28. Nxg3 Rh8 29. h3 Raf8 30. Kg1 Rf7 31.
Ba5 Kc6 32. Be4+ Kd6 33. Bf3 Rh4 34. Ne4+ Ke5 35. Bxc7+ Kd4 36. Rb4+ Ke3
37. Rb3+ Kd4 38. Rd3+ Kc4 1-0

[Event "Irish Championship 2008"]
[Site "Dublin IRL"]
[Date "2008.07.12"]
[Round "8"]
[White "Redmond, John P."]
[Black "Hebden, Mark"]
[Result "0-1"]
[BlackTitle "GM"]
[WhiteElo "2188"]
[BlackElo "2520"]
[WhiteClub "Atticus ENG"]
[WhiteNationality "IRL"]
[BlackNationality "ENG"]
[WhiteFideId "2500051"]
[BlackFideId "400084"]
[WhiteICUId "1422"]
[BlackICUId "7292"]
[PlyCount "66"]
[EventDate "2008.07.05"]
[Source "ICU web site; TWIC 714"]

{ Source: Mark Orr, <a href="https://www.icu.ie/articles/188">Irish Chess
Championships 2008</a>, ICU web site; TWIC 714. } { Event information: <a
href="https://www.irlchess.com/irlch2008_allfiles/pairings_irlch2008.html">Tournament
report</a>. }

1. c4 g6 2. Nf3 Bg7 3. d4 Nf6 4. g3 O-O 5. Bg2 d6 6. O-O Nbd7 7. Nc3 e5 8.
Qc2 Re8 9. Rd1 c6 10. dxe5 dxe5 11. e4 Qc7 12. h3 Bf8 13. Be3 Nh5 14. Rab1
Ng7 15. b4 a5 16. a3 axb4 17. axb4 b6 18. Qb3 Ne6 19. Ng5 Nd4 20. Bxd4 exd4
21. Rxd4 Bg7 22. c5 Ne5 23. Rd6 h6 24. Nf3 Nxf3+ 25. Bxf3 Be6 26. Qc2 bxc5
27. bxc5 Ra3 28. Rd3 Bc4 29. Re3 Bd4 30. Nb5 cxb5 31. Rxa3 Qxg3+ 32. Kh1
Qxh3+ 33. Kg1 Be5 0-1

[Event "Irish Championship 2008"]
[Site "Dublin IRL"]
[Date "2008.07.12"]
[Round "8"]
[White "Short, Stephen"]
[Black "Keogh, Eamon"]
[Result "0-1"]
[BlackTitle "NM"]
[WhiteElo "2033"]
[BlackElo "2092"]
[WhiteICU "1871"]
[BlackICU "2026"]
[WhiteClub "Cork"]
[BlackClub "Kilkenny"]
[WhiteNationality "IRL"]
[BlackNationality "IRL"]
[WhiteFideId "2500108"]
[BlackFideId "2500264"]
[WhiteICUId "1497"]
[BlackICUId "731"]
[PlyCount "26"]
[EventDate "2008.07.05"]
[Source "ICU web site; TWIC 714"]

{ Source: Mark Orr, <a href="https://www.icu.ie/articles/188">Irish Chess
Championships 2008</a>, ICU web site; TWIC 714. } { Event information: <a
href="https://www.irlchess.com/irlch2008_allfiles/pairings_irlch2008.html">Tournament
report</a>. }

1. e4 e5 2. Nf3 Nc6 3. Bb5 a6 4. Ba4 d6 5. c3 Bg4 6. d3 Be7 7. O-O f5 8. h3
h5 9. hxg4 hxg4 10. Nh2 Bg5 11. g3 Qf6 12. Bxg5 Qxg5 13. Kg2 Rxh2+ 0-1

[Event "Irish Championship 2008"]
[Site "Dublin IRL"]
[Date "2008.07.12"]
[Round "8"]
[White "Quinn, Ciaran"]
[Black "Benson, Oisin P."]
[Result "1-0"]
[WhiteElo "2156"]
[BlackElo "1852"]
[WhiteICU "1923"]
[BlackICU "1785"]
[WhiteClub "Elm Mount"]
[BlackClub "St. Benildus"]
[WhiteNationality "IRL"]
[BlackNationality "IRL"]
[WhiteFideId "2500817"]
[BlackFideId "2501821"]
[WhiteICUId "1398"]
[BlackICUId "5884"]
[PlyCount "61"]
[EventDate "2008.07.05"]
[Source "ICU web site; TWIC 714"]
[WhiteFullName "Quinn, Ciar&aacute;n"]
[BlackFullName "Benson, Ois&iacute;n P."]

{ Source: Mark Orr, <a href="https://www.icu.ie/articles/188">Irish Chess
Championships 2008</a>, ICU web site; TWIC 714. } { Event information: <a
href="https://www.irlchess.com/irlch2008_allfiles/pairings_irlch2008.html">Tournament
report</a>. }

1. d4 Nf6 2. c4 g6 3. Nc3 Bg7 4. e4 O-O 5. f3 d6 6. Be3 c5 7. Nge2 Qa5 8.
Qd2 Nc6 9. Rd1 a6 10. d5 Ne5 11. Nc1 Bd7 12. f4 Neg4 13. Bg1 Bh6 14. h3 Ne5
15. Be3 Nxc4 16. Bxc4 b5 17. Bd3 c4 18. Bc2 b4 19. N3e2 Rfc8 20. O-O Bb5
21. Qe1 Bg7 22. a3 c3 23. axb4 Qxb4 24. bxc3 Qb2 25. Qd2 Nd7 26. Bd3 Bxc3
27. Qxb2 Bxb2 28. Bxb5 axb5 29. Nd3 Bc3 30. Nxc3 Rxc3 31. Bd4 1-0

[Event "Irish Championship 2008"]
[Site "Dublin IRL"]
[Date "2008.07.12"]
[Round "8"]
[White "Baburin, Alexander"]
[Black "Short, Philip"]
[Result "1-0"]
[WhiteTitle "GM"]
[BlackTitle "FM"]
[WhiteElo "2526"]
[BlackElo "2300"]
[WhiteICU "2534"]
[BlackICU "2271"]
[WhiteClub "Kilkenny"]
[WhiteNationality "IRL"]
[BlackNationality "IRL"]
[WhiteFideId "2500914"]
[BlackFideId "2500086"]
[WhiteICUId "7085"]
[BlackICUId "1557"]
[PlyCount "107"]
[EventDate "2008.07.05"]
[Source "ICU web site; TWIC 714"]

{ Source: Mark Orr, <a href="https://www.icu.ie/articles/188">Irish Chess
Championships 2008</a>, ICU web site; TWIC 714. } { Event information: <a
href="https://www.irlchess.com/irlch2008_allfiles/pairings_irlch2008.html">Tournament
report</a>. }

1. d4 Nf6 2. c4 e6 3. Nc3 Bb4 4. Qc2 O-O 5. a3 Bxc3+ 6. Qxc3 b6 7. Bg5 Bb7
8. e3 h6 9. Bh4 d6 10. Ne2 Nbd7 11. Qc2 Qe7 12. Nc3 c5 13. Rd1 a6 14. dxc5
bxc5 15. f3 Rfd8 16. Be2 Nf8 17. O-O Ng6 18. Bf2 d5 19. Rd2 Rac8 20. Rfd1
Ne5 21. Bg3 Nxc4 22. Bxc4 dxc4 23. e4 Nh5 24. Ne2 Nxg3 25. hxg3 Rxd2 26.
Rxd2 Qg5 27. Kf2 Bc6 28. Rd6 Qe5 29. Qd2 Kh7 30. Nc3 f5 31. Qf4 Qxf4 32.
gxf4 Be8 33. Rxe6 fxe4 34. fxe4 Rb8 35. Ke3 Bh5 36. Re5 Bg4 37. Rxc5 Rxb2
38. f5 Rxg2 39. Kf4 Bh5 40. Rxc4 Bf7 41. Rc7 Kg8 42. e5 Rf2+ 43. Ke4 g6 44.
e6 Rxf5 45. exf7+ Rxf7 46. Rc6 Kg7 47. Rxa6 g5 48. Ne2 h5 49. Ng3 h4 50.
Nf5+ Kh7 51. a4 Rb7 52. Ke5 Rb3 53. Kf6 h3 54. Kxg5 1-0

[Event "Irish Championship 2008"]
[Site "Dublin IRL"]
[Date "2008.07.12"]
[Round "8"]
[White "O'Connell, Gerard"]
[Black "Carosso, Andrea"]
[Result "1/2-1/2"]
[WhiteElo "2122"]
[BlackElo "2046"]
[WhiteICU "2105"]
[WhiteClub "St. Benildus"]
[WhiteNationality "IRL"]
[BlackNationality "ITA"]
[WhiteFideId "2500493"]
[BlackFideId "814288"]
[WhiteICUId "1231"]
[PlyCount "108"]
[EventDate "2008.07.05"]
[Source "ICU web site; TWIC 714"]

{ Source: Mark Orr, <a href="https://www.icu.ie/articles/188">Irish Chess
Championships 2008</a>, ICU web site; TWIC 714. } { Event information: <a
href="https://www.irlchess.com/irlch2008_allfiles/pairings_irlch2008.html">Tournament
report</a>. }

1. d4 d5 2. c4 c6 3. Nf3 Nf6 4. cxd5 cxd5 5. Nc3 a6 6. Bf4 Bf5 7. e3 e6 8.
Be2 Be7 9. O-O O-O 10. Nh4 Bg6 11. Nxg6 hxg6 12. Qb3 b5 13. Rfc1 Bd6 14. g3
Bxf4 15. gxf4 Nbd7 16. a4 bxa4 17. Rxa4 Ne4 18. Nxe4 dxe4 19. Rxa6 Rb8 20.
Qc2 g5 21. Qxe4 Rxb2 22. Bd3 Nf6 23. Qf3 g4 24. Qg2 Rd2 25. Be4 Nxe4 26.
Qxe4 Qh4 27. Rf1 g6 28. Ra8 Rxa8 29. Qxa8+ Kg7 30. Qa5 Re2 31. Qb5 Rd2 32.
Qb4 Re2 33. Qc4 Rb2 34. Qc3 Rb5 35. e4 Qf6 36. Rd1 Qxf4 37. d5+ Qf6 38. e5
Qf3 39. Qxf3 gxf3 40. d6 Rb8 41. h3 f6 42. Kh2 fxe5 43. Kg3 Kf7 44. Kxf3
Ke8 45. d7+ Kd8 46. Ke4 Rb2 47. Kxe5 Rxf2 48. Rd3 g5 49. Kxe6 Rf1 50. Rd5
Re1+ 51. Kd6 Re3 52. Rxg5 Rd3+ 53. Ke6 Re3+ 54. Kf7 Rxh3 1/2-1/2

[Event "Irish Championship 2008"]
[Site "Dublin IRL"]
[Date "2008.07.12"]
[Round "8"]
[White "Lyons, Brendan"]
[Black "Orr, Mark J. L."]
[Result "0-1"]
[BlackTitle "IM"]
[WhiteElo "2088"]
[BlackElo "2258"]
[WhiteICU "1868"]
[BlackICU "2199"]
[WhiteClub "St. Benildus"]
[BlackClub "Wandering Dragons SCO"]
[WhiteNationality "IRL"]
[BlackNationality "IRL"]
[WhiteFideId "2500698"]
[BlackFideId "2500035"]
[WhiteICUId "817"]
[BlackICUId "1350"]
[PlyCount "54"]
[EventDate "2008.07.05"]
[Source "ICU web site; TWIC 714"]

{ Source: Mark Orr, <a href="https://www.icu.ie/articles/188">Irish Chess
Championships 2008</a>, ICU web site; TWIC 714. } { Event information: <a
href="https://www.irlchess.com/irlch2008_allfiles/pairings_irlch2008.html">Tournament
report</a>. }

1. e4 e6 2. d3 d5 3. Nd2 c5 4. Ngf3 Nc6 5. g3 Bd6 6. Bg2 Nge7 7. O-O O-O 8.
Re1 b5 9. exd5 exd5 10. d4 c4 11. c3 Bf5 12. h4 Qd7 13. Ne5 Bxe5 14. dxe5
Rad8 15. Nf3 Bg4 16. Qc2 Ng6 17. Bg5 Bxf3 18. Bxf3 Ngxe5 19. Bg2 f6 20. Be3
d4 21. cxd4 Nxd4 22. Bxd4 Qxd4 23. Rad1 Nd3 24. Re2 Rfe8 25. b3 Rxe2 26.
Qxe2 Nf4 27. Qe8+ Rxe8 0-1

[Event "Irish Championship 2008"]
[Site "Dublin IRL"]
[Date "2008.07.12"]
[Round "8"]
[White "Daly, Colm"]
[Black "Butnorius, Algimantas"]
[Result "1/2-1/2"]
[WhiteTitle "FM"]
[BlackTitle "GM"]
[WhiteElo "2311"]
[BlackElo "2442"]
[WhiteICU "2277"]
[WhiteNationality "IRL"]
[BlackNationality "LTU"]
[WhiteFideId "2500434"]
[BlackFideId "12800066"]
[WhiteICUId "295"]
[PlyCount "91"]
[EventDate "2008.07.05"]
[Source "ICU web site; TWIC 714"]

{ Source: Mark Orr, <a href="https://www.icu.ie/articles/188">Irish Chess
Championships 2008</a>, ICU web site; TWIC 714. } { Event information: <a
href="https://www.irlchess.com/irlch2008_allfiles/pairings_irlch2008.html">Tournament
report</a>. }

1. e4 e5 2. Nf3 Nc6 3. Bb5 a6 4. Ba4 Nf6 5. O-O Be7 6. Re1 b5 7. Bb3 d6 8.
c3 O-O 9. h3 Nb8 10. d4 Nbd7 11. Nbd2 Bb7 12. Bc2 Re8 13. Nf1 Bf8 14. Ng3
g6 15. a4 c5 16. d5 c4 17. Bg5 h6 18. Be3 Nc5 19. Qd2 h5 20. Bg5 Be7 21.
Qe3 Nh7 22. Bxe7 Qxe7 23. Ra3 Rab8 24. Rea1 Bc8 25. axb5 axb5 26. Ne2 Rb7
27. Qh6 Qf8 28. Qxf8+ Kxf8 29. Ra8 Nf6 30. Nd2 Bd7 31. R8a7 Reb8 32. h4 Ke7
33. f3 Be8 34. Kf2 Nfd7 35. g3 Nb6 36. g4 hxg4 37. fxg4 Bd7 38. Rxb7 Rxb7
39. g5 Nba4 40. Bxa4 Nxa4 41. Ra2 Rb8 42. Kg3 Rf8 43. Ng1 f6 44. gxf6+ Rxf6
45. Ne2 Be8 46. b3 1/2-1/2

[Event "Irish Championship 2008"]
[Site "Dublin IRL"]
[Date "2008.07.12"]
[Round "8"]
[White "Weeks, Manuel"]
[Black "Fox, Anthony"]
[Result "1/2-1/2"]
[WhiteTitle "FM"]
[WhiteElo "2174"]
[BlackElo "2068"]
[BlackICU "2054"]
[WhiteClub "Dun Laoghaire"]
[BlackClub "Dun Laoghaire"]
[WhiteNationality "AUS"]
[WhiteFideId "3202500"]
[BlackFideId "2500736"]
[BlackICUId "456"]
[PlyCount "97"]
[EventDate "2008.07.05"]
[Source "ICU web site; TWIC 714"]

{ Source: Mark Orr, <a href="https://www.icu.ie/articles/188">Irish Chess
Championships 2008</a>, ICU web site; TWIC 714. } { Event information: <a
href="https://www.irlchess.com/irlch2008_allfiles/pairings_irlch2008.html">Tournament
report</a>. }

1. e4 e5 2. Nf3 Nc6 3. Bb5 a6 4. Ba4 Nf6 5. O-O Be7 6. Re1 b5 7. Bb3 d6 8.
c3 O-O 9. h3 Bb7 10. d4 Re8 11. Nbd2 Bf8 12. d5 Nb8 13. Nf1 Nbd7 14. N3h2
Nc5 15. Bc2 c6 16. b4 Ncd7 17. dxc6 Bxc6 18. Bg5 h6 19. Bxf6 Nxf6 20. Ng4
Nxg4 21. Qxg4 Rc8 22. Bb3 Bd7 23. Qh5 Be6 24. Re3 g6 25. Qd1 Rc6 26. Rg3
Kh7 27. Rf3 Bg7 28. Qd3 Qc7 29. Bd5 Bxd5 30. Qxd5 Re7 31. Rd1 Rxc3 32. Rxc3
Qxc3 33. Qxd6 Re6 34. Qd2 Qxd2 35. Rxd2 Bf8 36. a3 Rd6 37. Rxd6 Bxd6 38.
Ne3 Kg7 39. Nd5 f5 40. f3 Kf7 41. Kf2 f4 42. Ke2 g5 43. Kd3 Ke6 44. Kc3 h5
45. Kb3 h4 46. a4 Kd7 47. Nf6+ Ke6 48. Nd5 Kd7 49. Nc3 1/2-1/2

[Event "Irish Championship 2008"]
[Site "Dublin IRL"]
[Date "2008.07.13"]
[Round "9"]
[White "Orr, Mark J. L."]
[Black "Griffiths, Ryan-Rhys"]
[Result "1/2-1/2"]
[WhiteTitle "IM"]
[WhiteElo "2258"]
[BlackElo "2069"]
[WhiteICU "2199"]
[BlackICU "2100"]
[WhiteClub "Wandering Dragons SCO"]
[BlackClub "Kilkenny"]
[WhiteNationality "IRL"]
[BlackNationality "IRL"]
[WhiteFideId "2500035"]
[BlackFideId "2502054"]
[WhiteICUId "1350"]
[BlackICUId "6897"]
[PlyCount "34"]
[EventDate "2008.07.05"]
[Source "ICU web site; TWIC 714"]

{ Source: Mark Orr, <a href="https://www.icu.ie/articles/188">Irish Chess
Championships 2008</a>, ICU web site; TWIC 714. } { Event information: <a
href="https://www.irlchess.com/irlch2008_allfiles/pairings_irlch2008.html">Tournament
report</a>. }

1. d4 Nf6 2. Nf3 g6 3. Bg5 Bg7 4. Nbd2 O-O 5. e3 d6 6. Be2 Nbd7 7. O-O c5
8. c3 b6 9. a4 Bb7 10. a5 bxa5 11. Nc4 a4 12. Rxa4 Bc6 13. Ra3 a5 14. Bxf6
Bxf6 15. d5 Bb5 16. e4 a4 17. Ne3 Bxe2 1/2-1/2

[Event "Irish Championship 2008"]
[Site "Dublin IRL"]
[Date "2008.07.13"]
[Round "9"]
[White "Fox, Anthony"]
[Black "Quinn, Ciaran"]
[Result "1/2-1/2"]
[WhiteElo "2068"]
[BlackElo "2156"]
[WhiteICU "2054"]
[BlackICU "1923"]
[WhiteClub "Dun Laoghaire"]
[BlackClub "Elm Mount"]
[BlackNationality "IRL"]
[WhiteFideId "2500736"]
[BlackFideId "2500817"]
[WhiteICUId "456"]
[BlackICUId "1398"]
[PlyCount "27"]
[EventDate "2008.07.05"]
[Source "ICU web site; TWIC 714"]
[BlackFullName "Quinn, Ciar&aacute;n"]

{ Source: Mark Orr, <a href="https://www.icu.ie/articles/188">Irish Chess
Championships 2008</a>, ICU web site; TWIC 714. } { Event information: <a
href="https://www.irlchess.com/irlch2008_allfiles/pairings_irlch2008.html">Tournament
report</a>. }

1. e4 e5 2. Nf3 Nc6 3. Bb5 a6 4. Ba4 Nf6 5. Qe2 b5 6. Bb3 Be7 7. O-O d6 8.
c3 Na5 9. Bc2 c5 10. d4 Qc7 11. d5 O-O 12. b3 Bd7 13. Re1 g6 14. Bh6
1/2-1/2

[Event "Irish Championship 2008"]
[Site "Dublin IRL"]
[Date "2008.07.13"]
[Round "9"]
[White "Keogh, Eamon"]
[Black "O'Connell, Gerard"]
[Result "0-1"]
[WhiteTitle "NM"]
[WhiteElo "2092"]
[BlackElo "2122"]
[WhiteICU "2026"]
[BlackICU "2105"]
[WhiteClub "Kilkenny"]
[BlackClub "St. Benildus"]
[WhiteNationality "IRL"]
[BlackNationality "IRL"]
[WhiteFideId "2500264"]
[BlackFideId "2500493"]
[WhiteICUId "731"]
[BlackICUId "1231"]
[PlyCount "82"]
[EventDate "2008.07.05"]
[Source "ICU web site; TWIC 714"]

{ Source: Mark Orr, <a href="https://www.icu.ie/articles/188">Irish Chess
Championships 2008</a>, ICU web site; TWIC 714. } { Event information: <a
href="https://www.irlchess.com/irlch2008_allfiles/pairings_irlch2008.html">Tournament
report</a>. }

1. e4 c5 2. f4 Nc6 3. c3 d5 4. e5 d4 5. d3 f6 6. e6 Bxe6 7. Qh5+ Bf7 8.
Qxc5 e5 9. Qb5 Qb6 10. Qxb6 axb6 11. Nf3 Rxa2 12. Rxa2 Bxa2 13. Nbd2 dxc3
14. bxc3 b5 15. fxe5 fxe5 16. Be2 Bc5 17. Ne4 Be7 18. O-O Nf6 19. Nxf6+
Bxf6 20. Bd2 Kd7 21. Ra1 Ra8 22. Bd1 Ra6 23. Bg5 Bd5 24. Rxa6 bxa6 25. Be3
e4 26. dxe4 Bxe4 27. Bd2 a5 28. Kf2 a4 29. Ng1 a3 30. Bb3 Bb1 31. Bc1 Nd4
32. Bd1 a2 33. Bb2 Nc2 34. Bxc2 Bxc2 35. Ne2 Bd3 36. Nd4 Kd6 37. Ke3 Bf1
38. g3 Kd5 39. Nc2 Kc4 40. Kd2 Kb3 41. Ba1 Bg5+ 0-1

[Event "Irish Championship 2008"]
[Site "Dublin IRL"]
[Date "2008.07.13"]
[Round "9"]
[White "Fitzsimons, David"]
[Black "McCarthy, Tim"]
[Result "1-0"]
[WhiteElo "2133"]
[BlackElo "2020"]
[WhiteICU "2118"]
[BlackICU "1865"]
[WhiteClub "Elm Mount"]
[BlackClub "St. Benildus"]
[WhiteNationality "IRL"]
[BlackNationality "IRL"]
[WhiteFideId "2501961"]
[BlackFideId "2500710"]
[WhiteICUId "6236"]
[BlackICUId "1032"]
[PlyCount "67"]
[EventDate "2008.07.05"]
[Source "ICU web site; TWIC 714"]

{ Source: Mark Orr, <a href="https://www.icu.ie/articles/188">Irish Chess
Championships 2008</a>, ICU web site; TWIC 714. } { Event information: <a
href="https://www.irlchess.com/irlch2008_allfiles/pairings_irlch2008.html">Tournament
report</a>. }

1. e4 e6 2. d4 d5 3. Nc3 Nf6 4. Bg5 dxe4 5. Nxe4 Be7 6. Bxf6 gxf6 7. Nf3 b6
8. Bc4 Bb7 9. Qe2 c6 10. O-O-O Nd7 11. Rhe1 Qc7 12. Ba6 O-O-O 13. Kb1 Rhg8
14. g3 f5 15. Ned2 Nf6 16. Bxb7+ Kxb7 17. Nc4 Ne4 18. Nfe5 Bf6 19. f3 Nd6
20. Nd2 h5 21. c3 Rg7 22. a4 Rdg8 23. a5 Nb5 24. Nb3 Rd8 25. Kc2 Bxe5 26.
dxe5 Qe7 27. Rxd8 Qxd8 28. Rd1 Qe7 29. Qc4 Rg8 30. Nd4 Nxd4+ 31. Qxd4 Rc8
32. axb6 axb6 33. Ra1 Rc7 34. Qa4 1-0

[Event "Irish Championship 2008"]
[Site "Dublin IRL"]
[Date "2008.07.13"]
[Round "9"]
[White "Butnorius, Algimantas"]
[Black "Hebden, Mark"]
[Result "0-1"]
[WhiteTitle "GM"]
[BlackTitle "GM"]
[WhiteElo "2442"]
[BlackElo "2520"]
[WhiteNationality "LTU"]
[BlackNationality "ENG"]
[WhiteFideId "12800066"]
[BlackFideId "400084"]
[BlackICUId "7292"]
[PlyCount "82"]
[EventDate "2008.07.05"]
[Source "ICU web site; TWIC 714"]

{ Source: Mark Orr, <a href="https://www.icu.ie/articles/188">Irish Chess
Championships 2008</a>, ICU web site; TWIC 714. } { Event information: <a
href="https://www.irlchess.com/irlch2008_allfiles/pairings_irlch2008.html">Tournament
report</a>. }

1. d4 Nf6 2. Nf3 g6 3. c4 Bg7 4. g3 O-O 5. Bg2 d6 6. O-O Nc6 7. Nc3 Rb8 8.
Re1 e5 9. d5 Ne7 10. e4 Ne8 11. Be3 a6 12. c5 h6 13. cxd6 cxd6 14. a4 f5
15. a5 fxe4 16. Bb6 Qd7 17. Nd2 Nf5 18. Ndxe4 Qf7 19. Ra4 Bd7 20. Rc4 g5
21. b3 Nd4 22. Re3 g4 23. Rd3 Bf5 24. Bxd4 exd4 25. Rdxd4 Bxd4 26. Qxd4 Rd8
27. Qb6 Rd7 28. Nd1 Re7 29. Qb4 Re5 30. Ndc3 Qe7 31. Qb6 Qg7 32. Bf1 Bxe4
33. Rxe4 Ref5 34. Qb4 Nf6 35. Re6 Rxf2 36. Bc4 Nh7 37. Nd1 Ra2 38. Be2 Ng5
39. Re3 Rxe2 40. Rxe2 Qf6 41. Ne3 Nh3+ 0-1

[Event "Irish Championship 2008"]
[Site "Dublin IRL"]
[Date "2008.07.13"]
[Round "9"]
[White "Short, Philip"]
[Black "Weeks, Manuel"]
[Result "1-0"]
[WhiteTitle "FM"]
[BlackTitle "FM"]
[WhiteElo "2300"]
[BlackElo "2174"]
[WhiteICU "2271"]
[BlackClub "Dun Laoghaire"]
[WhiteNationality "IRL"]
[BlackNationality "AUS"]
[WhiteFideId "2500086"]
[BlackFideId "3202500"]
[WhiteICUId "1557"]
[PlyCount "85"]
[EventDate "2008.07.05"]
[Source "ICU web site; TWIC 714"]

{ Source: Mark Orr, <a href="https://www.icu.ie/articles/188">Irish Chess
Championships 2008</a>, ICU web site; TWIC 714. } { Event information: <a
href="https://www.irlchess.com/irlch2008_allfiles/pairings_irlch2008.html">Tournament
report</a>. }

1. d4 Nf6 2. Nf3 e6 3. c4 Bb4+ 4. Bd2 Qe7 5. g3 Nc6 6. Bg2 Bxd2+ 7. Nbxd2
d6 8. O-O O-O 9. e4 e5 10. d5 Nb8 11. Ne1 a5 12. Nd3 Na6 13. a3 Bg4 14. f3
Bd7 15. b4 c6 16. dxc6 bxc6 17. Qc2 Nc7 18. c5 axb4 19. axb4 Be6 20. Nc4
Bxc4 21. Qxc4 d5 22. exd5 Nfxd5 23. Rxa8 Rxa8 24. Re1 Qg5 25. f4 exf4 26.
Nxf4 h6 27. Nxd5 Nxd5 28. Bxd5 cxd5 29. Qd3 g6 30. Qd4 h5 31. b5 h4 32. Qf4
Qd8 33. b6 Qc8 34. Rc1 Ra2 35. gxh4 Qc6 36. Qd4 Qd7 37. Re1 Ra4 38. Qf2
Rg4+ 39. Kh1 d4 40. Qf3 Rxh4 41. b7 Qd8 42. Qb3 Qb8 43. Re8+ 1-0